000 00341 a2200157 4500
001 70285
020 _a
040 _cAnchieta - Itaigara
100 _aRios, Maria Angélica Laborda Cruz
240 1 0 _aVento leste
_lpor
245 1 0 _aVento leste
300 _a74
362 0 _a2006
650 4 _aLiteratura infanto-juvenil
942 _cBK
999 _c70285
_d70285